000
00272nam a22001217a 4500
008
180208b xxu||||| |||| 00| 0 eng d
041
_a
eng
080
_a
37
100
_a
47
101
_a
EDU
245
_a
Professional development of teachers
_c
Hoyle,E
942
_2
udc
_c
BK
999
_c
42128
_d
42128